00277nam a2200121Ia 4500008004100000100002400041245000900065260002800074300000900102650002000111942000700131999001700138190216s9999||||xx |||||||||||||| ||und|| aRabindranath Tagore 0aGora bSahithya Accadamyc1962 a574p aMalayalam Novel cBK c27159d27159